El Pensador Mexicano : diálogos sobre cosas de su tiempo, sacados del olvido por Luis González Obregón /

Colección Cvltura: Selección de Buenos Autores Antiguos y Modernos (1916-23), proyecto editorial concebido por Agustín Loera y Chávez y Julio Torri para hacer accesible un repertorio selecto de la literatura universal a los lectores mexicanos, concentrados en la capital, hacia el final del período a...

Fuld beskrivelse

Guardado en:
Bibliografiske detaljer
Hovedforfatter: Fernández de Lizardi, José Joaquín (autor)
Andre forfattere: González Obregón, Luis (selección) (selección)
Format: Bog
Sprog:spansk
Udgivet: México : Cultura, 1918
Serier:(Cvltura: Selección de Buenos Autores Antiguos y Modernos ; Tomo VI ; 6)
Fag:
Tags: Tilføj Tag
Ingen Tags, Vær først til at tagge denne postø!

MARC

LEADER 00000nam^a2200000^a^4500
001 000338851
005 20250526000000.0
009 20260310114409.862
037 |a Acervo Xavier Clavigero 
041 |a ESP 
082 |a 808. 8  |b CVL V. 6 T. 6 
100 |a Fernández de Lizardi, José Joaquín  |e (autor) 
240 1 1 |a [Colección Cvltura: Selección de Buenos Autores Antiguos y Modernos] 
245 1 0 |a El Pensador Mexicano :  |b diálogos sobre cosas de su tiempo, sacados del olvido por Luis González Obregón /  |c J.J. Fernández de Lizardi ; selec. y presen. de L. González Obregón. 
264 1 |a México :  |b Cultura,  |c 1918 
300 |a 78 p. ;  |c 17.0 cm. 
336 |a texto  |b txt  |2 rdacontenido 
337 |a sin mediación  |b n  |2 rdamedio 
338 |a volumen  |b nc  |2 rdasoporte 
440 1 |a (Cvltura: Selección de Buenos Autores Antiguos y Modernos ;  |p Tomo VI ;  |v 6) 
520 |a Colección Cvltura: Selección de Buenos Autores Antiguos y Modernos (1916-23), proyecto editorial concebido por Agustín Loera y Chávez y Julio Torri para hacer accesible un repertorio selecto de la literatura universal a los lectores mexicanos, concentrados en la capital, hacia el final del período armado de la Revolución (1910-17). Adquirible mediante suscripción, Cvltura sumó primeramente un nuevo libro cada quince días y después cada mes, publicados por el sello homónimo en un inicio (1916-19) y luego por la editorial México Moderno (1919-23). La mayor parte de los 87 volúmenes, distribuidos en quince tomos, corresponden a creaciones literarias, entre ellos cerca de 30 antologías, aunque unas nueve entregas fueron tratados filosóficos y musicales. El grupo comprende títulos de la literatura judía bíblica, griega clásica, persa medieval, mexicana barroca y española del Siglo de Oro, pero está centrado en los siglos XIX y XX, con la inclusión de las siguientes literaturas: mexicana, argentina, chilena, colombiana, cubana, española, nicaragüense y uruguaya; francesa, además de belga y suiza, de expresión francesa; italiana y portuguesa; inglesa, irlandesa y norteamericana; alemana, danesa y sueca; rusa y bengalí. El tapatío Enrique González Martínez, con tres libros propios en su haber, fue el más publicado de los 73 autores, entre quienes figuraron dos mujeres y cuatro galardonados y cuatro futuros ganadores del Premio Nobel de Literatura: Sor Juana Inés de la Cruz y Selma Lagerlöf (1909); Giosué Carducci (1906), Mauricio Maeterlinck (1911) y Rabindranath Tagore, (1913); Anatole France (1921), Bernard Shaw (1925), André Gide (1947) y Juan Ramón Jiménez (1956). 
520 |a El historiador guanajuatense Luis González Obregón (1865-1938) reunió en esta breve antología algunos de los diálogos escritos por José Fernández de Lizardi, literato y periodista apelado como "El Pensador Mexicano", "que reflejan las ideas y cosas de su tiempo". El ejemplar perteneciente al Acervo Xavier Clavigero, ubicado en el Fondo de Libros Antiguos y Raros, carece de la cubierta del libro y de la(s) página(s) donde están registrados los datos de la edición. 
545 0 |a El escritor José Joaquín Fernández de Lizardi (1776-1827), simpatizante del movimiento independentista, encabezó varios proyectos periodísticos a lo largo de su vida, entre los que cabe citarse El Pensador Mexicano (1812-1814); Alacena de Frioleras (1815-1816), Caxoncito de la Alacena (1815-1816) y El Conductor Eléctrico (1820). Su extensa bibliografía abarca poesía, obras dramáticas, prosa y cuatro novelas: El Periquillo Sarniento (1816), que según Francisco Monterde inaugura la novela costumbrista mexicana; Noches tristes (1818); La Quijotita y su prima (1818) y Vida y hechos del famoso caballero don Catrín de la Fachenda (1832). 
561 |a Ex libris de Bibl. Iunoratus Coll. Max. Ysletensis, S.J. 
561 |a Ex libris de Bibl. Iunioratus Dom. Prob. S. Ioseph 
561 |a Ex libris de Instituto de Literatura Puente Grande, Jal. 
562 |a Falta cubierta 
562 |a Falta portada 
649 |a XX 
650 |a Independentistas en la Literatura 
650 |a Independentistas Mexicanos 
650 |a Revolucionarios en la Literatura 
650 |a Revolucionarios Mexicanos 
650 |a Animales en la Literatura 
650 |a Diálogos Mexicanos 
650 |a Fábulas Mexicanas 
650 |a Alegoría 
650 |a Literatura y Periodismo -  |z México 
650 |a Literatura y Política -  |z México 
650 |a Literatura e Historia -  |z México 
650 |a Literatura Mexicana -  |y Siglo XIX 
650 |a Libertad de Información -  |z México -  |x Historia -  |y Regencia e Imperio, 1821-1823 
650 |a México -  |x Historia -  |y Guerra de Independencia, 1810-1821 
650 |a México -  |x Historia -  |y Virreinato, 1535-1821 
650 |a México -  |x Historia -  |y Epoca Colonial, 1517-1821 
650 |a México -  |x Historia -  |y Regencia e Imperio, 1821-1823 
650 |a México -  |x Historia -  |y Poder Ejecutivo, 1823-1824 
650 |a México -  |x Historia -  |y Siglo XIX 
700 |a González Obregón, Luis  |e (selección) 
910 |a Fondo General 
920 |a Impresos - Libros 
930 |a Libros Antiguos y Raros 
940 |a Literatura 
905 |a 108 
901 |a 016081  |b IT2  |c LRA  |u 20250526 
902 |a https://opac.biblio.iteso.mx/vufind/Record/000338851